000 00468pab a2200169 454500
008 180718b2007 xxu||||| |||| 00| 0 eng d
100 _aChetty, B.S.
245 _aManufacturing planning and control practices in batch manufacturing: a case study
260 _c2007
300 _ap.198-205.
362 _aJul-Sep
650 _aManufacturing industry - Case studies
650 _aManufacturing industry
773 _aProductivity
908 _aN
909 _a76905
999 _c76905
_d76905